000 00202nam a2200097Ia 4500
100 _a#N/A
942 _cBK
245 _aDREAMWEAVER 4 BIBLE
260 _bJDG PUBLISHER
_aNew Delhi
_c2000
546 _aENGLISH
999 _c24986
_d24986